Bunga Dan Pohon

Wedi'i Gadw mewn:
Manylion Llyfryddiaeth
Prif Awdur: Erwin Adi P
Fformat: Llyfr
Iaith:Indonesian
Cyhoeddwyd: Semarang Sindur Press 2007
Tagiau: Ychwanegu Tag
Dim Tagiau, Byddwch y cyntaf i dagio'r cofnod hwn!
LEADER 00356nam a22001577a 4500
007 ta
008 100804t 2007io ||||| |||| 00| 0 ind d
020 |a 9797367959 
041 |a IND 
082 |2 21  |a 507 
100 |a Erwin Adi P  |9 7505 
245 |a Bunga Dan Pohon 
260 |a Semarang  |b Sindur Press  |c 2007 
300 |a 53 p.; 27 cm 
942 |2 ddc  |c BK 
999 |c 7557  |d 7557